Основи політології (Record no. 310002)

MARC details
000 -Лідер
fixed length control field 00655nam a22002657a 4500
003 - Ідентифікатор контрольного номера
control field UA-OsUOA
001 - Контрольний номер
control field 23745
007 - Фіксоване поле фізичного опису
fixed length control field ta
008 - Елементи даних фіксованої довжини – загальна інформація
fixed length control field 20040128b un ||||| |||| 00| 0 ukr d
090 ## - Локальний шифр розміщення
Класифікаційний індекс УДК 32(075.8)
Авторський знак (НП) Б87
040 ## - Джерело каталогізації
Агенція оригінальної каталогізації UA-OsUOA
Мова каталогізації ukr
Агенція, яка здійснювала перезапис UA-OsUOA
Агенція, яка здійснювала модифікацію UA-OsUOA
041 ## - Код мови
Код мови тексту/ звукової доріжки чи окремого заголовка (П) ukr
080 ## - Індекс Універсальної десяткової класифікації
Індекс Універсальної десяткової класифікації (УДК) (НП) 32(075.8)
020 ## - Міжнародний стандартний книжковий номер (ISBN)
Міжнародний стандартний книжковий номер (ISBN) (НП) 966-574-069-5
044 ## - Код країни видавця/ виробника
Код країни видавця/ виробника (П) UA
100 ## - Основне введення – ім’я особи
Ім’я особи (НП) Брегеда А. Ю.
245 ## - Відомості про назву
Назва (НП) Основи політології
260 ## - Публікація, розповсюдження і т.п. (Вихідні дані)
Місце публікації, розповсюдження і т.п. (П) Київ
Ім’я/ наймення видавництва, розповсюджувача і т.п. (П) КНЕУ
Дата публікації, розповсюдження і т.п. (П) 2000
250 ## - Відомості про видання (редакцію)
-- 2-е вид., перероб. і доп.
300 ## - Фізичний опис
Обсяг 312 с.
650 #7 - Додаткове предметне введення – тематичний термін
Тематичний термін чи географічна назва, як елемент введення (НП) 32 Політика
Джерело заголовка чи терміна UDC
942 ## - Додаткові елементи входу (Коха)
Тип елемента Koha Books
955 ## - Код типу видання за змістом
Код типу видання за змістом (НП) Навчальні видання
Holdings
Стан вилучень Стан втрат Джерело класифікації або схеми стелажів Стан уражень Не для кредиту Постійне місце розташування Поточне розміщення Дата придбання Вартість, звичайна ціна покупки Інвентарний номер Усього замовленно Повний номер виклику Штрих-код Дата останнього перегляду Ціна ефективна від Тип елемента Koha
    Universal Decimal Classification     АБ - Абонемент НБ АБ - Абонемент НБ 14/06/2004 12.00 79596   32(075.8) Б87 79596 22/11/2021 28/01/2004 Books
    Universal Decimal Classification     АБ - Абонемент НБ АБ - Абонемент НБ 14/06/2004 12.00 79597   32(075.8) Б87 79597 22/11/2021 28/01/2004 Books
    Universal Decimal Classification     АБ - Абонемент НБ АБ - Абонемент НБ 15/06/2004 12.00 79637   32(075.8) Б87 79637 22/11/2021 28/01/2004 Books
    Universal Decimal Classification     ЧЗ - Читальна зала ЧЗ - Читальна зала 28/01/2004 2.00 64405   32(075.8) Б87 64405 06/02/2022 28/01/2004 Books
    Universal Decimal Classification     ЧЗ - Читальна зала ЧЗ - Читальна зала 28/01/2004 1.00 64406   32(075.8) Б87 64406 07/02/2022 28/01/2004 Books
    Universal Decimal Classification     ЧЗ - Читальна зала ЧЗ - Читальна зала 28/01/2004 37.61 64407   32(075.8) Б87 64407 07/02/2022 28/01/2004 Books
    Universal Decimal Classification     ЧЗ - Читальна зала ЧЗ - Читальна зала 28/01/2004 28.00 64408   32(075.8) Б87 64408 07/02/2022 28/01/2004 Books
    Universal Decimal Classification     ЧЗ - Читальна зала ЧЗ - Читальна зала 28/01/2004 20.70 64409   32(075.8) Б87 64409 07/02/2022 28/01/2004 Books
    Universal Decimal Classification     ЧЗ - Читальна зала ЧЗ - Читальна зала 28/01/2004 12.00 64411   32(075.8) Б87 64411 07/02/2022 28/01/2004 Books